000 00720nam a22002297a 4500
003 UA-OsUOA
001 25715
007 ta
008 20040426b un ||||| |||| 00| 0 ukr d
100 _aЖитний П.
090 _a657
_bЖ74
942 _cSA
040 _aUA-OsUOA
_bukr
_cUA-OsUOA
_dUA-OsUOA
245 _aОбліково-аналітичні проблеми використання виробничого потенціалу і шляхи їх вирішення
300 _aС.41-51
955 _a0
041 _aukr
080 _a657
044 _aUA
773 0 _w0
_tБухгалтерський облік і аудит
_dК.
_d2004
_g№1
650 7 _aБухгалтерський облік
_2UDC
999 _c312014
_d312014